[Event "38th Nezhmetdinov Mem"]
[Site "Kazan RUS"]
[Date "2016.05.31"]
[Round "1.52"]
[White "Gavrilin, Roman"]
[Black "Pogorelskikh, Sergey"]
[Result "0-1"]
[BlackTitle "FM"]
[WhiteElo "1753"]
[BlackElo "2281"]
[WhiteFideId "54104564"]
[BlackFideId "4187024"]
[EventDate "2016.05.31"]

1. e4 g6 2. d4 Bg7 3. Nc3 a6 4. Be3 b5 5. a3 Bb7 6. Bd3 d6 7. Qd2 Nd7 8. Nf3 c5
9. dxc5 Nxc5 10. O-O Rc8 11. Bd4 Nf6 12. Rfe1 e5 13. Bxc5 Rxc5 14. Rad1 O-O 15.
Bf1 Ne8 16. Qe3 Qa8 17. Nd2 Rc8 18. Nb3 Bc6 19. Na5 Bd7 20. Rd2 Be6 21. Red1 Bf6
22. h3 Bd8 23. Nb3 Qb7 24. Be2 Kg7 25. Qg3 h6 26. Bg4 Bg5 27. Re2 Bf4 28. Qf3 h5
29. Bxe6 fxe6 30. Qd3 Qb6 31. Nd2 Rc7 32. Nf3 Rcf7 33. h4 Bh6 34. Rf1 Rxf3 35.
gxf3 Qd8 36. Kg2 Qxh4 37. Rh1 Qg5+ 38. Kf1 Qe7 39. Re1 Nc7 40. Rd1 Rd8 41. Qe2
Na8 42. a4 b4 43. Na2 a5 44. Nc1 Qc7 45. Nd3 Nb6 46. b3 Nd7 47. Ne1 Nb8 48. Ng2
Nc6 49. Qc4 Qd7 50. Qd3 Qf7 51. Rh3 Nd4 52. Ne3 Bxe3 53. Qxe3 Nxc2 54. Qd2 Nd4
55. Rxh5 gxh5 56. Qg5+ Kh7 57. Qxd8 Qxf3 58. Qe7+ Kg6 59. Qe8+ Kg5 60. Qe7+ Kf4 0-1

[Event "38th Nezhmetdinov Mem"]
[Site "Kazan RUS"]
[Date "2016.05.31"]
[Round "1.53"]
[White "Filipenko, Alexander V"]
[Black "Pogorelskikh, Sofia"]
[Result "1/2-1/2"]
[WhiteTitle "IM"]
[WhiteElo "2278"]
[BlackElo "1744"]
[WhiteFideId "4104471"]
[BlackFideId "44164548"]
[EventDate "2016.05.31"]

1. e4 e5 2. Nf3 Nc6 3. Bb5 a6 4. Ba4 Nf6 5. O-O Be7 6. Re1 b5 7. Bb3 d6 8. a4 b4
9. a5 O-O 10. d3 Be6 11. Nbd2 Bxb3 12. Nxb3 Re8 13. d4 exd4 14. Nbxd4 Nxd4 15.
Nxd4 Bf8 16. Nc6 Qd7 17. Nxb4 Qb5 18. Nd5 Nxd5 19. exd5 Rxe1+ 20. Qxe1 Re8 21.
Qc3 Qxd5 22. Be3 c5 23. Qd2 Qxd2 24. Bxd2 g6 25. Re1 Rxe1+ 26. Bxe1 Bg7 27. b3
Kf8 28. Kf1 Ke7 29. Ke2 Ke6 30. Kd3 Kd5 31. g4 Bf6 32. c4+ Ke6 33. f3 Bb2 34.
Bd2 f5 35. h3 Be5 36. Be1 Bb2 37. Bd2 Be5 38. Be1 Bb2 39. Bd2 Be5 40. Be1 Bb2 1/2-1/2

[Event "38th Nezhmetdinov Mem"]
[Site "Kazan RUS"]
[Date "2016.05.31"]
[Round "1.54"]
[White "Shevtsov, Mikhail"]
[Black "Zhitnikov, Konstantin"]
[Result "0-1"]
[WhiteElo "1728"]
[BlackElo "2274"]
[WhiteFideId "54106931"]
[BlackFideId "34152846"]
[EventDate "2016.05.31"]

1. d4 Nf6 2. Nf3 g6 3. c4 Bg7 4. Nc3 O-O 5. e4 d6 6. Be2 e5 7. O-O Nc6 8. d5 Ne7
9. Ne1 Nd7 10. Nd3 f5 11. exf5 gxf5 12. f4 Ng6 13. Be3 Qe7 14. Qd2 Re8 15. fxe5
Ndxe5 16. Nxe5 Qxe5 17. Bf2 Bd7 18. Rae1 Qf4 19. Qd1 Be5 20. Bg3 Qe3+ 21. Bf2
Qh6 22. h3 Qf4 23. g3 Qg5 24. Kh2 f4 25. Rg1 Qf5 26. Bg4 fxg3+ 27. Bxg3 Qf2+ 28.
Kh1 Bxg3 29. Rxe8+ Rxe8 0-1

[Event "38th Nezhmetdinov Mem"]
[Site "Kazan RUS"]
[Date "2016.05.31"]
[Round "1.55"]
[White "Nesterov, Arseniy"]
[Black "Khafizov, Emir"]
[Result "1-0"]
[WhiteElo "2273"]
[BlackElo "1684"]
[WhiteFideId "24198455"]
[BlackFideId "34150355"]
[EventDate "2016.05.31"]

1. d4 d5 2. c4 c6 3. e3 Nf6 4. Nc3 Bf5 5. Nf3 h6 6. Bd3 Bxd3 7. Qxd3 e6 8. O-O
Nbd7 9. e4 dxe4 10. Nxe4 Nxe4 11. Qxe4 Nf6 12. Qe2 Bd6 13. b3 O-O 14. Bb2 Qe7
15. Rad1 Rad8 16. Ne5 c5 17. dxc5 Bxc5 18. Qf3 Rxd1 19. Rxd1 Rd8 20. Rxd8+ Qxd8
21. Qe2 Qa5 22. a4 Qb6 23. Nd3 Bd4 24. b4 Bxb2 25. Qxb2 Qd6 26. Qc2 Qd4 27. h3
Ne4 28. c5 a6 29. b5 axb5 30. axb5 Nf6 31. c6 bxc6 32. bxc6 Qd8 33. Nb4 Qc8 34.
Qc5 Ne8 35. Qd4 Nc7 36. Qd7 Qb8 37. Nd3 Qb1+ 38. Kh2 Qb8 39. Ne5 f6 40. Qf7+ Kh8
41. Ng6+ Kh7 42. f4 Qc8 43. Nf8+ Kh8 44. Nd7 Qe8 45. Qxe8+ Nxe8 46. Nc5 Nc7 47.
Kg3 Kg8 48. Kf3 Kf7 49. Ke4 Ke7 50. Nb7 Nb5 51. f5 exf5+ 52. Kxf5 Nd4+ 53. Kg6
Nxc6 54. Kxg7 Ke6 55. Kxh6 Ne7 56. Nc5+ Kf7 57. Kh5 Nd5 58. Kg4 Kg6 59. Nd3 Ne3+
60. Kf3 Nf5 61. Nf4+ Kg5 62. Ne6+ Kg6 63. g4 Ne7 64. h4 Nd5 65. Nf4+ 1-0

[Event "38th Nezhmetdinov Mem"]
[Site "Kazan RUS"]
[Date "2016.05.31"]
[Round "1.56"]
[White "Bogatov, Bogdan"]
[Black "Davydov, Sergey P."]
[Result "0-1"]
[BlackTitle "FM"]
[WhiteElo "1680"]
[BlackElo "2266"]
[WhiteFideId "34110612"]
[BlackFideId "4123182"]
[EventDate "2016.05.31"]

1. d4 Nf6 2. Bf4 c5 3. dxc5 Na6 4. Qd4 Qa5+ 5. Nc3 Qxc5 6. Qxc5 Nxc5 7. Nb5 Ne6
8. Bg3 a6 9. Nc7+ Nxc7 10. Bxc7 Nd5 11. Ba5 e6 12. a3 b6 13. Bd2 Bb7 14. e4 Nf6
15. f3 d5 16. exd5 Bxd5 17. Ne2 Be7 18. Nc3 Bc6 19. Bc4 O-O 20. Be3 b5 21. Bb3
Rfc8 22. O-O a5 23. Rfd1 a4 24. Ba2 b4 25. axb4 Bxb4 26. Ne2 Nd5 27. Bf2 Be7 28.
c3 Rcb8 29. Nd4 Bb7 30. Nb5 Bc6 31. Bxd5 Bxd5 32. Nc7 a3 33. Nxa8 axb2 34. Rab1
Bxa8 35. Rd7 Bf6 36. Bd4 Bd5 37. Ra7 e5 38. Bc5 e4 39. Bd6 Rc8 40. Ba3 Rxc3 41.
Bxb2 Bd4+ 42. Kh1 exf3 43. h3 fxg2+ 44. Kh2 g1=Q+ 45. Rxg1 Rc2+ 46. Kg3 Bxa7 47.
Rd1 Bb8+ 48. Kh4 Rxb2 49. Rxd5 g6 0-1

[Event "38th Nezhmetdinov Mem"]
[Site "Kazan RUS"]
[Date "2016.05.31"]
[Round "1.57"]
[White "Obodenko, Amir"]
[Black "Taipov, Ilmir"]
[Result "1-0"]
[WhiteElo "2263"]
[BlackElo "1673"]
[WhiteFideId "34101176"]
[BlackFideId "34182893"]
[EventDate "2016.05.31"]

1. e4 e5 2. Nf3 Nc6 3. Bc4 Be7 4. O-O Nf6 5. Re1 O-O 6. d4 exd4 7. Nxd4 Ne5 8.
Bb3 d6 9. f4 Ng6 10. Nc3 Ng4 11. h3 Nf6 12. Qf3 Nd7 13. a3 Nc5 14. Ba2 a5 15. b4
axb4 16. axb4 Na6 17. b5 Nc5 18. Bxf7+ Rxf7 19. Rxa8 Rf8 20. Nd5 1-0

[Event "38th Nezhmetdinov Mem"]
[Site "Kazan RUS"]
[Date "2016.05.31"]
[Round "1.58"]
[White "Grekhov, Luka"]
[Black "Dmitriev, Igor"]
[Result "0-1"]
[BlackTitle "IM"]
[WhiteElo "1639"]
[BlackElo "2259"]
[WhiteFideId "44129637"]
[BlackFideId "4114833"]
[EventDate "2016.05.31"]

1. d4 g6 2. c4 c5 3. g3 Bg7 4. e3 d6 5. Bg2 Qb6 6. Ne2 Nc6 7. dxc5 Qxc5 8. Qb3
Nf6 9. Bd2 O-O 10. Bc3 Ne5 11. Bxe5 Qxe5 12. Nbc3 Rb8 13. Qb5 Qxb5 14. Nxb5 a6
15. Nbd4 e5 16. Nb3 Be6 17. Nd2 Rfc8 18. Rc1 b5 19. cxb5 axb5 20. a3 Nd7 21. O-O
Nc5 22. Ne4 Nxe4 23. Bxe4 Bc4 24. Rc2 d5 25. Bg2 d4 26. exd4 exd4 27. Rd2 Re8
28. Bf3 Bh6 29. Rxd4 Bxe2 30. Bxe2 Rxe2 0-1

[Event "38th Nezhmetdinov Mem"]
[Site "Kazan RUS"]
[Date "2016.05.31"]
[Round "1.59"]
[White "Bilan, Danila"]
[Black "Zharkov, Nikolay"]
[Result "1-0"]
[WhiteElo "2244"]
[BlackElo "1629"]
[WhiteFideId "24161918"]
[BlackFideId "54193648"]
[EventDate "2016.05.31"]

1. d4 Nf6 2. Nf3 g6 3. e3 Bg7 4. c4 O-O 5. Be2 d6 6. Nc3 c5 7. d5 e5 8. dxe6
fxe6 9. O-O Nc6 10. e4 a6 11. e5 dxe5 12. Qxd8 Rxd8 13. Be3 Nd4 14. Nxe5 Nd7 15.
Nd3 Nxe2+ 16. Nxe2 b6 17. Rad1 Bb7 18. Bg5 Bf6 19. Bxf6 Nxf6 20. Ne5 Kf8 21. Nf4
Ke7 22. f3 Nd7 23. Rxd7+ Rxd7 24. Nxd7 Kxd7 25. Re1 b5 26. Nxe6 Kd6 27. Ng5 bxc4
28. Nxh7 Rb8 29. Nf6 Bc6 30. Re2 a5 31. Ng4 Bd5 32. Rd2 Re8 33. Rxd5+ Kxd5 34.
Nf6+ Kd4 35. Nxe8 Kd3 36. Nd6 c3 37. bxc3 Kxc3 38. Ne4+ Kb4 39. Kf2 c4 40. Ke3
Ka3 41. Nc3 Kb4 42. Kd4 1-0

[Event "38th Nezhmetdinov Mem"]
[Site "Kazan RUS"]
[Date "2016.05.31"]
[Round "1.61"]
[White "Imashev, Ildar"]
[Black "Safin, Robert"]
[Result "1-0"]
[WhiteElo "2225"]
[BlackElo "1581"]
[WhiteFideId "4166337"]
[BlackFideId "34189120"]
[EventDate "2016.05.31"]

1. c4 Nf6 2. Nc3 g6 3. e4 d6 4. d4 Bg7 5. Be2 O-O 6. Bg5 h6 7. Be3 e5 8. d5 Ne8
9. g4 f5 10. gxf5 gxf5 11. exf5 Bxf5 12. Nf3 Nd7 13. Rg1 Kh8 14. Qd2 Qf6 15.
O-O-O Nc5 16. Rg3 a6 17. Rdg1 b5 18. cxb5 axb5 19. Bxc5 dxc5 20. Bxb5 Rf7 21.
Nxe5 Qxe5 22. Re1 Qd4 23. Bxe8 Rf8 24. Bc6 Qxd2+ 25. Kxd2 Bxc3+ 26. Kxc3 Rxa2
27. Rf3 Kg7 28. Rg1+ Kf6 29. Bd7 Ke5 30. Re1+ Kd6 31. Bxf5 1-0

[Event "38th Nezhmetdinov Mem"]
[Site "Kazan RUS"]
[Date "2016.05.31"]
[Round "1.62"]
[White "Murzaev, Danil"]
[Black "Baraeva, Marina"]
[Result "0-1"]
[BlackTitle "WIM"]
[WhiteElo "1578"]
[BlackElo "2208"]
[WhiteFideId "34142727"]
[BlackFideId "24142573"]
[EventDate "2016.05.31"]

1. d4 d5 2. Nf3 Nf6 3. Bf4 c5 4. c3 Nc6 5. e3 e6 6. Bd3 Bd6 7. Bg3 O-O 8. O-O b6
9. Nbd2 Bb7 10. Re1 Bxg3 11. hxg3 Qd6 12. Qe2 e5 13. dxe5 Nxe5 14. Nxe5 Qxe5 15.
Nf3 Qh5 16. Rad1 Ng4 17. Ba6 Bc6 18. Bb5 Rac8 19. Bd3 Rce8 20. Nh4 f5 21. Qd2 g5
22. Nxf5 Qh2+ 23. Kf1 Qh1+ 24. Ke2 Qxg2 25. Rf1 Bd7 26. Qc2 Bxf5 27. Bxf5 Nxe3
28. Bxh7+ Kh8 0-1

[Event "38th Nezhmetdinov Mem"]
[Site "Kazan RUS"]
[Date "2016.05.31"]
[Round "1.63"]
[White "Drogovoz, Irina"]
[Black "Lenkova, Lidiya"]
[Result "1-0"]
[WhiteTitle "WIM"]
[WhiteElo "2205"]
[BlackElo "1518"]
[WhiteFideId "4176715"]
[BlackFideId "54102740"]
[EventDate "2016.05.31"]

1. d4 f5 2. g3 e6 3. Bg2 Nf6 4. Nf3 Be7 5. O-O O-O 6. c4 h6 7. Nc3 d6 8. Qc2
Nbd7 9. b3 Rb8 10. Bb2 b6 11. d5 Nc5 12. Nd4 Bd7 13. dxe6 Nxe6 14. Nxf5 Nc5 15.
b4 Nb7 16. Nxh6+ gxh6 17. Qg6+ Kh8 18. Qxh6+ Kg8 19. Bd5+ Nxd5 20. Nxd5 1-0

[Event "38th Nezhmetdinov Mem"]
[Site "Kazan RUS"]
[Date "2016.05.31"]
[Round "1.64"]
[White "Shipitsyna, Guzyal"]
[Black "Kalinin, Nikita"]
[Result "0-1"]
[WhiteElo "1478"]
[BlackElo "2194"]
[WhiteFideId "24141348"]
[BlackFideId "24155390"]
[EventDate "2016.05.31"]

1. d4 Nf6 2. c4 c5 3. d5 e6 4. Nc3 exd5 5. Nxd5 Nxd5 6. Qxd5 Nc6 7. Nf3 Be7 8.
a3 d6 9. e3 Be6 10. Qd1 Bf6 11. Qc2 d5 12. cxd5 Qxd5 13. e4 Qh5 14. Be3 O-O 15.
Be2 b6 16. h4 Bg4 17. Ng5 Bxe2 18. Qxe2 Qxe2+ 19. Kxe2 Bxb2 20. Ra2 Bd4 21. h5
Rfe8 22. Rh4 Rad8 23. Rf4 Rd7 24. Nf3 Ne5 25. Nd2 Bxe3 26. Kxe3 Nd3 27. Rf5 Nc1
28. Rc2 Rd3+ 29. Kf4 Ne2+ 30. Kg5 Nd4 0-1

[Event "38th Nezhmetdinov Mem"]
[Site "Kazan RUS"]
[Date "2016.05.31"]
[Round "1.65"]
[White "Fedotov, Nikita2"]
[Black "Kamalutdinov, Rahim"]
[Result "1-0"]
[WhiteElo "2192"]
[BlackElo "1368"]
[WhiteFideId "24161446"]
[BlackFideId "24180769"]
[EventDate "2016.05.31"]

1. Nf3 Nc6 2. d4 d5 3. g3 e6 4. Bg2 Be7 5. O-O Bf6 6. c4 b6 7. Nc3 Nge7 8. Bf4
Ng6 9. cxd5 exd5 10. Nxd5 Nxf4 11. Nxf4 O-O 12. Nh5 Rb8 13. Nxf6+ Qxf6 14. h3
Ne7 15. Rc1 Qd6 16. Qc2 c6 17. Rfd1 Be6 18. e4 f6 19. e5 Qd7 20. exf6 gxf6 21.
Re1 Bd5 22. Rcd1 Rbe8 23. Kh2 Qf5 24. Qc3 Qd7 25. b3 Ng6 26. Rxe8 Rxe8 27. Re1
Rxe1 28. Nxe1 Bxg2 29. Nxg2 Kg7 30. Ne3 Ne7 31. Qd3 h5 32. Qe4 b5 33. Qh4 Nf5
34. Qe4 Nxe3 35. fxe3 a5 36. Kg2 f5 37. Qe5+ Kg6 38. Kf2 Qd5 39. Qxd5 cxd5 40.
Kf3 b4 41. Kf4 Kf6 42. h4 Ke6 43. Kg5 1-0

[Event "38th Nezhmetdinov Mem"]
[Site "Kazan RUS"]
[Date "2016.06.01"]
[Round "2.1"]
[White "Kokarev, Dmitry"]
[Black "Ponfilenok, Vladimir"]
[Result "1-0"]
[WhiteTitle "GM"]
[WhiteElo "2622"]
[BlackElo "2395"]
[WhiteFideId "4132181"]
[BlackFideId "24113522"]
[EventDate "2016.05.31"]

1. g3 d5 2. Bg2 c6 3. Nf3 Bg4 4. c4 Nf6 5. Ne5 Bf5 6. cxd5 cxd5 7. Nc3 e6 8. g4
Bg6 9. h4 Nfd7 10. Nxd7 Nxd7 11. h5 Be4 12. f3 Bd6 13. fxe4 d4 14. Nb5 Bg3+ 15.
Kf1 Qf6+ 16. Bf3 O-O 17. d3 Qe5 18. Na3 b5 19. Kg2 Rac8 20. Nxb5 f5 21. exf5
exf5 22. g5 Qxb5 23. Kxg3 f4+ 24. Kh4 Nc5 25. Rg1 Kh8 26. Bd2 Ne6 27. Qb3 Qe8
28. Qd5 Rc5 29. Qd6 h6 30. gxh6 Rff5 31. hxg7+ Kg8 32. Rg6 Nxg7 33. Rxg7+ Kxg7
34. Rg1+ Kh7 35. Qg6+ Qxg6 36. Rxg6 Rc2 37. Be4 Re5 38. Bxf4 1-0

[Event "38th Nezhmetdinov Mem"]
[Site "Kazan RUS"]
[Date "2016.06.01"]
[Round "2.2"]
[White "Kanter, Eduard"]
[Black "Timofeev, Artyom"]
[Result "1-0"]
[WhiteTitle "IM"]
[BlackTitle "GM"]
[WhiteElo "2375"]
[BlackElo "2598"]
[WhiteFideId "4103963"]
[BlackFideId "4140419"]
[EventDate "2016.05.31"]

1. d4 Nf6 2. c4 g6 3. Nc3 d5 4. cxd5 Nxd5 5. e4 Nxc3 6. bxc3 Bg7 7. Nf3 c5 8.
Rb1 O-O 9. Be2 Nc6 10. d5 Ne5 11. Nxe5 Bxe5 12. Qd2 e6 13. f4 Bc7 14. O-O exd5
15. exd5 Ba5 16. d6 b6 17. Bf3 Rb8 18. Bb2 Bf5 19. Rbe1 b5 20. g4 Be6 21. f5
gxf5 22. gxf5 Bc4 23. Re7 Kh8 24. Kh1 Rg8 25. Rfe1 Qf8 26. f6 Qd8 27. d7 Qb6 28.
Qh6 Bd3 29. Re8 1-0

[Event "38th Nezhmetdinov Mem"]
[Site "Kazan RUS"]
[Date "2016.06.01"]
[Round "2.3"]
[White "Bocharov, Dmitry"]
[Black "Yandemirov, Valeri"]
[Result "1/2-1/2"]
[WhiteTitle "GM"]
[BlackTitle "GM"]
[WhiteElo "2597"]
[BlackElo "2388"]
[WhiteFideId "4138716"]
[BlackFideId "4102622"]
[EventDate "2016.05.31"]

1. d4 Nf6 2. c4 g6 3. f3 d5 4. cxd5 Nxd5 5. e4 Nb6 6. Nc3 Bg7 7. Be3 O-O 8. Qd2
Nc6 9. O-O-O f5 10. e5 Nb4 11. Nh3 a5 12. Nf4 g5 13. Nh5 f4 14. Bf2 Bf5 15. b3
N4d5 16. Ne4 a4 17. Kb2 axb3 18. axb3 Qe8 19. Nxg7 Na4+ 20. Kc1 Qc6+ 21. Qc2
Nac3 22. Bc4 Kxg7 23. Bxd5 Na2+ 24. Kb2 Qxc2+ 25. Kxc2 Nb4+ 26. Kc3 Nxd5+ 27.
Kb2 Bxe4 28. fxe4 Ne3 29. Rc1 c6 30. Bxe3 fxe3 31. Rc2 Rf4 32. Kc3 Rxe4 33. Kd3
Rf4 34. Kxe3 Kf7 35. g3 Rf5 36. Ke4 Ke6 37. Rhc1 Ra5 38. b4 Rb5 39. Rb2 Rf8 40.
Rc5 Rb6 41. b5 Rd8 42. Rcc2 cxb5 43. Rc5 b4 44. d5+ Kd7 45. Rc4 b3 46. Rc3 Rb4+
47. Kf5 Rf8+ 48. Kxg5 Rg8+ 49. Kh5 Rbg4 50. h4 Rxg3 51. Rcxb3 Rxb3 52. Rxb3 Kc7
53. Kh6 Rg4 54. h5 Re4 55. e6 Re5 56. Rb5 Kd6 57. Rxb7 Kxd5 58. Kg7 Rxe6 59.
Kxh7 Re1 60. Rb6 e5 61. Kg7 Rg1+ 62. Rg6 Rh1 63. h6 e4 64. h7 e3 65. h8=Q Rxh8
66. Kxh8 e2 67. Rg1 Ke5 1/2-1/2

[Event "38th Nezhmetdinov Mem"]
[Site "Kazan RUS"]
[Date "2016.06.01"]
[Round "2.4"]
[White "Korniushin, Nikolay"]
[Black "Ponkratov, Pavel"]
[Result "0-1"]
[WhiteTitle "IM"]
[BlackTitle "GM"]
[WhiteElo "2348"]
[BlackElo "2595"]
[WhiteFideId "4123808"]
[BlackFideId "4157800"]
[EventDate "2016.05.31"]

1. Nf3 Nf6 2. g3 b5 3. Bg2 d5 4. O-O e6 5. d3 Be7 6. e4 O-O 7. Nbd2 Bb7 8. e5
Nfd7 9. Re1 c5 10. Nf1 a5 11. h4 a4 12. Bg5 a3 13. b3 Nc6 14. c3 d4 15. c4 bxc4
16. dxc4 Ra6 17. Bf4 Nb4 18. Bd2 Nc6 19. Bf4 Qa8 20. N3d2 Nb4 21. Bxb7 Qxb7 22.
Ne4 f6 23. exf6 Nxf6 24. Nfd2 Kh8 25. Nxf6 gxf6 26. Ne4 Qc8 27. Bd2 Nc6 28. Qh5
Qe8 29. Qxe8 Rxe8 30. f4 h5 31. Nf2 Bf8 32. f5 e5 33. Ne4 Kg7 34. Rf1 Kf7 35.
Kf2 Ne7 36. Ke2 Rc6 37. Kd3 Ng8 38. Rf3 Bh6 39. Bxh6 Nxh6 40. Re1 Ke7 41. Nf2
Rg8 42. Re4 Rcc8 43. Re1 Nf7 44. Ne4 Nd6 45. Nf2 Kd7 0-1

[Event "38th Nezhmetdinov Mem"]
[Site "Kazan RUS"]
[Date "2016.06.01"]
[Round "2.5"]
[White "Aleksandrov, Aleksej"]
[Black "Fakhrutdinov, Timur"]
[Result "1-0"]
[WhiteTitle "GM"]
[BlackTitle "FM"]
[WhiteElo "2592"]
[BlackElo "2336"]
[WhiteFideId "13500139"]
[BlackFideId "24176702"]
[EventDate "2016.05.31"]

1. d4 Nf6 2. Nf3 d5 3. c4 e6 4. Bg5 dxc4 5. Qa4+ Nbd7 6. e3 c5 7. Nbd2 a6 8.
Bxc4 Rb8 9. dxc5 Bxc5 10. Be2 b5 11. Qc2 Bb7 12. a4 Rc8 13. Qb3 Bd5 14. Qd3 Bb4
15. Qd4 Bxf3 16. Qxb4 Bxg2 17. Rg1 Bc6 18. axb5 axb5 19. Bxb5 Qe7 20. Qc3 Bb7
21. Bxf6 Qxf6 22. Qb4 Qe7 23. Qd4 e5 24. Bxd7+ Qxd7 25. Qxe5+ Qe7 26. Qxg7 Kd7
27. Rg5 Rhd8 28. Re5 Qd6 29. Qxf7+ 1-0

[Event "38th Nezhmetdinov Mem"]
[Site "Kazan RUS"]
[Date "2016.06.01"]
[Round "2.6"]
[White "Sargissyan, Sargis"]
[Black "Lintchevski, Daniil"]
[Result "0-1"]
[WhiteTitle "FM"]
[BlackTitle "GM"]
[WhiteElo "2340"]
[BlackElo "2566"]
[WhiteFideId "13303210"]
[BlackFideId "4171055"]
[EventDate "2016.05.31"]

1. e4 c5 2. Nf3 e6 3. Nc3 a6 4. d4 cxd4 5. Nxd4 Qc7 6. Bd3 Nc6 7. Nb3 Nf6 8. f4
d6 9. O-O Be7 10. Qe2 O-O 11. Bd2 b5 12. Rae1 Bb7 13. Nd1 Nd7 14. Ne3 Nc5 15.
Nxc5 dxc5 16. c3 c4 17. Bb1 Bc5 18. Kh1 Rad8 19. Ng4 f6 20. Bc1 Ne7 21. Rd1 Ng6
22. Rxd8 Rxd8 23. f5 exf5 24. exf5 Nf8 25. Rd1 Rxd1+ 26. Qxd1 Qc6 27. Qe2 h5 28.
Ne3 h4 29. h3 Nd7 30. Ng4 Kf8 31. Bd2 Bd6 32. Be1 Nc5 33. Bd2 Nd3 34. Nxf6 Bc5
35. Nh7+ Kg8 36. Bxd3 cxd3 37. Qg4 Kxh7 38. Qxh4+ Kg8 39. Qd8+ Bf8 40. Qg5 Be7
41. Qg3 Qe4 42. Qg6 Bf6 0-1

[Event "38th Nezhmetdinov Mem"]
[Site "Kazan RUS"]
[Date "2016.06.01"]
[Round "2.7"]
[White "Fedorov, Alexei"]
[Black "Obolentseva, Alexandra"]
[Result "1-0"]
[WhiteTitle "GM"]
[BlackTitle "WFM"]
[WhiteElo "2565"]
[BlackElo "2324"]
[WhiteFideId "13500465"]
[BlackFideId "24153648"]
[EventDate "2016.05.31"]

1. c4 Nf6 2. g3 g6 3. Bg2 Bg7 4. Nc3 O-O 5. e4 d6 6. Nge2 e5 7. O-O Nbd7 8. d3
a5 9. h3 Nc5 10. Be3 Nfd7 11. Qd2 Ne6 12. f4 Nd4 13. Bxd4 exd4 14. Nb5 Nc5 15.
Nbxd4 c6 16. Kh2 Qb6 17. Rab1 Qb4 18. Qe3 Qa4 19. Nc3 Bxd4 20. Qxd4 Qc2 21. Rfd1
Ra6 22. Qe3 Rb6 23. d4 Na4 24. Rdc1 1-0

[Event "38th Nezhmetdinov Mem"]
[Site "Kazan RUS"]
[Date "2016.06.01"]
[Round "2.8"]
[White "Pershin, Denis"]
[Black "Smirnov, Pavel"]
[Result "0-1"]
[BlackTitle "GM"]
[WhiteElo "2336"]
[BlackElo "2564"]
[WhiteFideId "24165506"]
[BlackFideId "4123425"]
[EventDate "2016.05.31"]

1. e4 e6 2. d4 d5 3. Nc3 Bb4 4. Bd3 dxe4 5. Bxe4 Nf6 6. Bd3 c5 7. a3 Ba5 8. dxc5
Bxc3+ 9. bxc3 Qa5 10. Nf3 O-O 11. O-O Nbd7 12. Bf4 Nxc5 13. Bd6 Re8 14. Rb1 Nxd3
15. Qxd3 Rd8 16. c4 b6 17. Ne5 Bb7 18. c5 Ne4 19. Rb5 Qa6 20. Qc4 bxc5 21. Bxc5
Bd5 22. Qb4 Nc3 23. a4 Nxb5 24. axb5 Qb7 25. f3 a5 26. Qa4 Rdc8 27. Nd3 e5 28.
Re1 f6 29. Kf1 Bf7 30. Rb1 Qd5 31. Bf2 Rc4 32. Qa2 e4 33. fxe4 Qxe4 34. Qb2 Bd5
35. Ne1 Rb4 36. Qa1 Rxb5 37. Rd1 a4 38. Rd4 Bc4+ 39. Nd3 Qe6 40. Kg1 a3 41. Nf4
a2 0-1

[Event "38th Nezhmetdinov Mem"]
[Site "Kazan RUS"]
[Date "2016.06.01"]
[Round "2.9"]
[White "Rozum, Ivan"]
[Black "Murtazin, Bulat"]
[Result "1-0"]
[WhiteTitle "GM"]
[BlackTitle "FM"]
[WhiteElo "2559"]
[BlackElo "2319"]
[WhiteFideId "24104272"]
[BlackFideId "24151351"]
[EventDate "2016.05.31"]

1. Nf3 Nf6 2. c4 b6 3. d4 e6 4. e3 Bb7 5. Bd3 Bb4+ 6. Bd2 a5 7. O-O Ne4 8. Bxb4
axb4 9. Nfd2 d5 10. cxd5 exd5 11. Nxe4 dxe4 12. Bb5+ c6 13. Bc4 O-O 14. Nd2 c5
15. Nb3 Qe7 16. Qh5 Nd7 17. Rfd1 Rac8 18. Rac1 Rc6 19. dxc5 Ne5 20. Bd5 Rh6 21.
Qf5 Nd3 22. c6 Qh4 23. cxb7 Qxh2+ 24. Kf1 Rf6 25. Qxf6 gxf6 26. Rc8 Qh1+ 27. Ke2
Qh5+ 28. f3 Qh2 29. Bxe4 Nxb2 30. f4 Qh5+ 31. Bf3 Qb5+ 32. Ke1 Nxd1 33. Rxf8+ 1-0

[Event "38th Nezhmetdinov Mem"]
[Site "Kazan RUS"]
[Date "2016.06.01"]
[Round "2.10"]
[White "Karpeshov, Oleg"]
[Black "Shomoev, Anton"]
[Result "0-1"]
[WhiteTitle "IM"]
[BlackTitle "GM"]
[WhiteElo "2323"]
[BlackElo "2553"]
[WhiteFideId "4106814"]
[BlackFideId "4135148"]
[EventDate "2016.05.31"]

1. Nf3 c5 2. c4 Nf6 3. Nc3 d5 4. cxd5 Nxd5 5. e4 Nb4 6. Bc4 Nd3+ 7. Ke2 Nf4+ 8.
Kf1 Ne6 9. Bxe6 Bxe6 10. d4 cxd4 11. Nxd4 Bc4+ 12. Ke1 Qd7 13. Be3 e5 14. Nb3
Bb4 15. Rc1 O-O 16. Qxd7 Nxd7 17. f3 f5 18. exf5 e4 19. f4 Rxf5 20. Nd4 Rf7 21.
a3 Ba5 22. b4 Bb6 23. Nxe4 Re7 24. Rxc4 Rxe4 25. Kd2 Nf6 26. Rhc1 Rae8 27. Bg1
Rxf4 28. Ne2 Rfe4 29. Rxe4 Nxe4+ 30. Kd3 Nf2+ 31. Bxf2 Bxf2 32. Rc7 Re3+ 33. Kd2
Rxa3 34. Rxb7 h5 35. h3 Kh7 36. Nc3 Bd4 37. Ne2 Bb6 38. Re7 Bd8 39. Re4 Bf6 40.
Kc2 Kg6 41. Rc4 Kf7 42. Nd4 Bxd4 43. Rxd4 Ra2+ 44. Kb3 Rxg2 45. Rd5 Kg6 46. Ra5
Rg3+ 47. Kc4 Rxh3 48. Rxa7 Rh1 49. b5 Rb1 50. Kc5 h4 51. b6 h3 0-1

[Event "38th Nezhmetdinov Mem"]
[Site "Kazan RUS"]
[Date "2016.06.01"]
[Round "2.11"]
[White "Pridorozhni, Aleksei"]
[Black "Musaev, Rasul"]
[Result "1-0"]
[WhiteTitle "GM"]
[BlackTitle "FM"]
[WhiteElo "2552"]
[BlackElo "2310"]
[WhiteFideId "4127870"]
[BlackFideId "24146870"]
[EventDate "2016.05.31"]

1. e4 c5 2. Nf3 d6 3. c3 Nf6 4. h3 Nc6 5. Bd3 d5 6. e5 c4 7. Bc2 Nd7 8. Qe2 Qc7
9. e6 fxe6 10. Ng5 Nf6 11. Nxe6 Bxe6 12. Qxe6 Qe5+ 13. Qxe5 Nxe5 14. O-O e6 15.
b3 Kf7 16. Re1 Bd6 17. Ba3 Bc7 18. Bc5 b5 19. Bd4 Nc6 20. Be3 Rhd8 21. bxc4 dxc4
22. a4 b4 23. cxb4 Be5 24. Nc3 Nxb4 25. Rac1 Bxc3 26. dxc3 Na2 27. Rb1 Nxc3 28.
Rb7+ Rd7 29. Rxd7+ Nxd7 30. Bd4 Nd5 31. a5 Rc8 32. f4 g6 33. Rb1 a6 34. Kf2 Nc5
35. Kf3 Ke7 36. g3 Kd6 37. Kg4 Nd3 38. Kg5 N3b4 39. Ba4 c3 40. Kh6 c2 41. Rc1
Nc3 42. Rxc2 Nxc2 43. Bxc2 Ne2 44. Be5+ Ke7 45. Bd3 Nxg3 46. Kxh7 Rc5 47. Kxg6
Rxa5 48. h4 Ra3 49. Bc4 Nf5 50. Bf6+ Kd6 51. h5 Rg3+ 52. Bg5 a5 53. Kf7 e5 54.
Kf6 Kc5 55. Kxf5 Kxc4 56. fxe5 Kd5 57. h6 Rf3+ 58. Bf4 Rh3 59. e6 Kc6 60. Kg6 a4 1-0